Portret mladého umělce

Bibliographic Details
Main Author: Joyce, James, 1882-1941 (Author)
Format: Book
Language:Undetermined
PhysicalDescription:260 s.
Published: Praha Václav Petr 1930

MARC

LEADER 00000nam a2200000 a 4500
001 vtls001314709
003 SK-MaSNL
005 20260301200108.0
008 240315s1930 xx 0 und
035 |a SNK000267173 
040 |a SNK  |b slo  |c SNK  |e AACR2 
100 1 |a Joyce, James,  |d 1882-1941  |4 aut  |9 92805 
245 1 |a Portret mladého umělce 
260 |a Praha  |b Václav Petr  |c 1930 
300 |a 260 s. 
999 |c 888949  |d 890879 
952 |t P60, <04>, [BOOK], {604}  |a SNK  |b SNK  |y VYP  |7 0  |p 17A0114452  |o snkIC 52880  |0 0  |1 0  |4 0  |d 1997-12-15  |l 0  |r 2005-01-02 00:00:00  |w 2026-02-24